000 00823nam a22002057a 4500
999 _c19753
_d19753
003 AR-CdUCM
008 190521b ||||| |||| 00| 0 spa d
040 _aMUNICIPALIDAD PROVINCIAL DEL CUSCO
_cBIBLIOTECA MUNICIPAL DEL CUSCO
082 _a153.8 /
_bG79
100 _aGreene, Robert
_941315
245 _aGuia rapida de las 48 leyes del poder /
260 _aMéxico :
_bOceano de Mexico,
_c1998.
300 _a214 páginas ;
_c25 cm.
440 _aPara estar ne el mundo
_941316
505 _aContenido : ley 1. Nunca le hagas sombre a quienes están arriba de ti -- Ley 2. NUnca confies demasiado en tus amigos, Aprende a utilizar a tus enemigos -- Ley 3. Disimula tus intenciones..
650 _aClases para el poder
_941317
650 _aReglas de convivencia social
_941318
942 _2ddc
_cLIBROS
945 _arcc